000 00367nam a2200145 i 4500
001 bg
100 1 _aKOŁODZIEJCZYK, Bogdan
245 0 _aPotrzeby i spożycie /
_cBogdan Kołodziejczyk, Zofia Zielińska.
260 _aWarszawa,
_c1984.
700 1 _aZIELIŃSKA, Zofia
040 _cBPK
041 _apol
942 _cKS
008 s pl f |000 0 pol
999 _c1137
_d1137
856 _uhttp://koha.tu.koszalin.pl/cgi-bin/koha/opac-detail.pl?biblionumber=1137
_yKatalog online BPK